| 000 | 00560nam a22001817a 4500 | ||
|---|---|---|---|
| 005 | 20141202114047.0 | ||
| 008 | 140109b xxu||||| |||| 00| 0 eng d | ||
| 020 | _a9781444179200 | ||
| 050 |
_aQD 31 _b.W476 2013 |
||
| 100 | _aRobert Wensley. | ||
| 245 |
_aEdexcel international GCSE and certificate chemistry practice book / _cRobert Wensley. |
||
| 260 |
_aLondon : _bHodder Education, _c2013. |
||
| 300 |
_a88 p. ; _c24 cm. |
||
| 504 | _aIncludes Index. | ||
| 650 |
_aChemistry _xProblems, exercises, etc. |
||
| 942 |
_2lcc _cBK _kFOR |
||
| 999 |
_c26006 _d26006 |
||